| 000 | 00549nam a22001577a 4500 | ||
|---|---|---|---|
| 003 | 0 | ||
| 005 | 20241028144251.0 | ||
| 008 | 241028b xxu||||| |||| 00| 0 eng d | ||
| 020 | _a9789715188784 | ||
| 050 |
_aPZ 7 _b.P631 2018 |
||
| 245 |
_aPiglas : _bantolohiya ng mga radikal na kuwentong pambata / _cedited by Eugene Y. Evasco, Sagundo D. Matias. Jr. ; illustrated by Dom Ochotorena. |
||
| 260 |
_aQuezon City : _bLampara Publishing House, Inc., _c2018 |
||
| 300 |
_a174 p. : _bill. ; _c21 cm. |
||
| 650 | _aChildren's literature. | ||
| 942 |
_2lcc _cBK |
||
| 999 |
_c366643 _d366643 |
||